| Tag |
First Indicator |
Second Indicator |
Subfields |
| LEADER |
00000cam a2200000Ia 4500 |
| 001 |
in00002291925 |
| 005 |
20190326201658.0 |
| 006 |
m | d | |
| 007 |
cr |n||||||||n |
| 008 |
900816s1786 mau s 000 0 eng d |
| 040 |
|
|
|a TXA
|c GKS
|d OCL
|d Thomson Gale
|d UtOrBLW
|
| 043 |
|
|
|a e-us-ma
|
| 110 |
1 |
|
|a Massachusetts.
|b Treasury Office.
|
| 245 |
1 |
0 |
|a Commonwealth of Massachusetts, Thomas Ivers, Esq. treasurer and receiver-general of the said commonwealth, to the selectmen or assessors of the town of Shutesborough :
|b greeting ...
|
| 264 |
|
1 |
|a [Boston?] :
|b [publisher not identified],
|c [1786]
|
| 300 |
|
|
|a Broadside.
|
| 336 |
|
|
|a text
|b txt
|2 rdacontent
|
| 337 |
|
|
|a computer
|b c
|2 rdamedia
|
| 338 |
|
|
|a online resource
|b cr
|2 rdacarrier
|
| 500 |
|
|
|a At head of title: "Tax. number 5."
|
| 500 |
|
|
|a Caption title.
|
| 500 |
|
|
|a Name of town and amount assessed added in manuscript.
|
| 500 |
|
|
|a Reproduction of original from Kress Library of Business and Economics, Harvard University.
|
| 500 |
|
|
|a Goldsmiths'-Kress number 13258.12.
|
| 510 |
4 |
|
|a OCLC,
|c 22228271
|
| 533 |
|
|
|a Electronic reproduction.
|b Farmington Hills, Mich. :
|c Thomson Gale,
|d 2005.
|f (The making of the modern world).
|n Available via the World Wide Web.
|n Access limited to licensing agreements.
|7 s2005 miunns
|
| 500 |
|
|
|a Electronic resource.
|
| 650 |
|
0 |
|a Taxation
|z Massachusetts.
|
| 650 |
|
0 |
|a Local finance
|z Massachusetts.
|
| 655 |
|
0 |
|a Electronic books.
|
| 830 |
|
0 |
|a Making of the modern world (Goldsmiths'-Kress Library of Economic Literature)
|
| 856 |
4 |
0 |
|u http://proxy.library.tamu.edu/login?url=http://galenet.galegroup.com/servlet/MOME?af=RN&ae=U102055176&srchtp=a&ste=14&locID=txshracd2898
|z Connect to the full text of this electronic book
|t 0
|
| 999 |
|
|
|a MARS
|
| 999 |
f |
f |
|s f424b5cc-826a-33c4-aaf6-d41a8b62d2d9
|i 3008451a-865f-3bcf-a365-ac3931aebdcd
|t 0
|
| 952 |
f |
f |
|a Texas A&M University
|b College Station
|c Electronic Resources
|d Available Online
|t 0
|h No information provided
|
| 998 |
f |
f |
|t 0
|l Available Online
|